000 00544nam a22001817a 4500
999 _c192210
_d192210
005 20220914102459.0
010 _aB-745515
020 _a9788129151506
_c295.00
035 _aB-745515
037 _bRupa
100 _aKarkra, B.K.
245 _aThe Tale of Two Countries/
_cB.K. Karkra
260 _aNew Delhi
_bRupa
_c2018
270 _a7/16, Ansari Road, Daryagang
_bNew Delhi
_e110002
300 _a183p.
_c20cm(pbk)
942 _2ddc
_cEN
_mKAR
_h823.92